<?xml version="1.0" encoding="UTF-8"?><?xml-stylesheet type="text/xsl" href="static/style.xsl"?><OAI-PMH xmlns="http://www.openarchives.org/OAI/2.0/" xmlns:xsi="http://www.w3.org/2001/XMLSchema-instance" xsi:schemaLocation="http://www.openarchives.org/OAI/2.0/ http://www.openarchives.org/OAI/2.0/OAI-PMH.xsd"><responseDate>2026-06-02T12:28:29Z</responseDate><request verb="GetRecord" identifier="oai:riuma.uma.es:10630/29385" metadataPrefix="marc">https://riuma.uma.es/rest/oai/request</request><GetRecord><record><header><identifier>oai:riuma.uma.es:10630/29385</identifier><datestamp>2026-02-03T11:20:34Z</datestamp><setSpec>com_10630_2254</setSpec><setSpec>col_10630_37953</setSpec></header><metadata><record xmlns="http://www.loc.gov/MARC21/slim" xmlns:dcterms="http://purl.org/dc/terms/" xmlns:doc="http://www.lyncode.com/xoai" xmlns:xsi="http://www.w3.org/2001/XMLSchema-instance" xsi:schemaLocation="http://www.loc.gov/MARC21/slim http://www.loc.gov/standards/marcxml/schema/MARC21slim.xsd">
   <leader>00925njm 22002777a 4500</leader>
   <datafield ind2=" " ind1=" " tag="042">
      <subfield code="a">dc</subfield>
   </datafield>
   <datafield ind2=" " ind1=" " tag="720">
      <subfield code="a">Gómez-Calderón, Bernardo</subfield>
      <subfield code="e">author</subfield>
   </datafield>
   <datafield ind2=" " ind1=" " tag="720">
      <subfield code="a">López-Martín, Álvaro</subfield>
      <subfield code="e">author</subfield>
   </datafield>
   <datafield ind2=" " ind1=" " tag="260">
      <subfield code="c">2021-05-10</subfield>
   </datafield>
   <datafield ind2=" " ind1=" " tag="520">
      <subfield code="a">El artículo analiza la cobertura informativa llevada a cabo por 9 diarios de América Latina &#xd;
de la campaña para las elecciones generales celebradas en España el 10 de noviembre de 2019, cita &#xd;
que puso fin a un periodo especialmente convulso de la vida política nacional. A todos los textos apa recidos entre el viernes 1 y el lunes 11 de noviembre (n = 35) se les aplicó una ficha de análisis que &#xd;
contemplaba, entre otras variables, emplazamiento, extensión, autoría, fuentes, géneros, naturaleza &#xd;
del contenido y frame. Los resultados obtenidos permitieron concluir que los rotativos seleccionados &#xd;
dedicaron un espacio generoso a los comicios del 10-N, dotaron a su cobertura de una dimensión en &#xd;
gran medida interpretativa y ofrecieron una visión de la campaña presidida por los encuadres estraté gico y de juego, ya que centraron su atención en las predicciones de los sondeos y en la posibilidad de &#xd;
pactos postelectorales.</subfield>
   </datafield>
   <datafield ind1="8" ind2=" " tag="024">
      <subfield code="a">Gómez-Calderón, B., &amp; López-Martín, Álvaro. (2021). El reflejo en la prensa latinoamericana de la campaña para las elecciones generales del 10-N en España. Revista De Comunicación, 20(1), 103–115.</subfield>
   </datafield>
   <datafield ind1="8" ind2=" " tag="024">
      <subfield code="a">https://hdl.handle.net/10630/29385</subfield>
   </datafield>
   <datafield ind1="8" ind2=" " tag="024">
      <subfield code="a">10.26441/RC20.1-2021-A6</subfield>
   </datafield>
   <datafield tag="653" ind2=" " ind1=" ">
      <subfield code="a">Campañas electorales - En la prensa</subfield>
   </datafield>
   <datafield ind2="0" ind1="0" tag="245">
      <subfield code="a">El reflejo en la prensa latinoamericana de la campaña para las elecciones generales del 10-N en España.</subfield>
   </datafield>
</record>
</metadata></record></GetRecord></OAI-PMH>